| 000 | 00510nam a2200145Ia 4500 | ||
|---|---|---|---|
| 008 | 100204s9999 xx 000 0 und d | ||
| 082 | _b8926 | ||
| 100 | _aकुंटे प्रभाकर | ||
| 245 | _aधूमकेतूची स्वारी | ||
| 260 |
_b"पॉप्युलर प्रकाशन , मुंबई" _c1985 |
||
| 300 | _a42 | ||
| 630 | _aधूमकेतूची स्वारी | ||
| 730 | _aधूमकेतूची स्वारी | ||
| 942 | _cBOOK | ||
| 999 |
_c453362 _d453359 |
||